[Event "32. Open Andorra Hotel St.Gothard "]
[Site "Erts-La Massana AND"]
[Date "2014.07.19"]
[Round "1.1"]
[White "Granda Zuniga, Julio E"]
[Black "Savalle, Alexandre"]
[Result "1-0"]
[WhiteElo "2674"]
[BlackElo "2044"]
[PlyCount "37"]
[EventDate "2014.07.19"]
[EventType "swiss"]
[EventRounds "9"]
[EventCountry "AND"]
[Source "lmi"]
[SourceDate "2014.07.19"]

1. Nf3 Nf6 2. g3 g6 3. b4 Bg7 4. Bb2 O-O 5. Bg2 d6 6. d4 c6 7. c4 d5 8. Nbd2
Bf5 9. O-O Ne4 10. Qb3 Nxd2 11. Nxd2 dxc4 12. Nxc4 Be6 13. Qc2 Na6 14. a3 Nc7
15. Na5 Bc8 16. Rfd1 e6 17. Rac1 Qe7 18. Nxc6 bxc6 19. Qxc6 1-0

[Event "32. Open Andorra Hotel St.Gothard "]
[Site "Erts-La Massana AND"]
[Date "2014.07.19"]
[Round "1.2"]
[White "Ramirez Medina, Victor"]
[Black "Tkachiev, Vladislav"]
[Result "1/2-1/2"]
[WhiteElo "2038"]
[BlackElo "2625"]
[PlyCount "109"]
[EventDate "2014.07.19"]
[EventType "swiss"]
[EventRounds "9"]
[EventCountry "AND"]
[Source "lmi"]
[SourceDate "2014.07.19"]

1. e4 g6 2. d4 Bg7 3. Nc3 c6 4. Nf3 d6 5. h3 Nf6 6. Bd3 O-O 7. O-O Qc7 8. Re1
e5 9. Be3 Nbd7 10. Qd2 b6 11. a4 Bb7 12. Bh6 Rad8 13. Bxg7 Kxg7 14. Rad1 a6 15.
Ra1 Rfe8 16. dxe5 dxe5 17. Qe3 Qd6 18. Bc4 Qb4 19. Ba2 Nc5 20. Rad1 Rd7 21. Ng5
Ree7 22. Rxd7 Ncxd7 23. Bb3 Qc5 24. Qd3 h6 25. Nf3 Re8 26. Rd1 Qe7 27. Ba2 b5
28. axb5 axb5 29. Qe3 Ra8 30. Bb3 Kh7 31. Nd2 Ra5 32. Kh2 Bc8 33. Ne2 Kg7 34.
Qc3 Ra6 35. Qe3 Qc5 36. Qf3 Nf8 37. Nc1 Qe7 38. Qg3 c5 39. Bd5 c4 40. Qe3 Qa7
41. Qxa7 Rxa7 42. Nf3 N8d7 43. Bc6 b4 44. b3 cxb3 45. cxb3 Ra1 46. Re1 Rb1 47.
Bb5 Nc5 48. Bc4 Be6 49. Bxe6 fxe6 50. Nd3 Rxe1 51. Nfxe1 Nfxe4 52. f3 Nxd3 53.
Nxd3 Nd2 54. Nxe5 Nxb3 55. Nd3 1/2-1/2

[Event "32. Open Andorra Hotel St.Gothard "]
[Site "Erts-La Massana AND"]
[Date "2014.07.19"]
[Round "1.3"]
[White "Vovk, Andrey"]
[Black "Haussernot, Cecile"]
[Result "1-0"]
[WhiteElo "2616"]
[BlackElo "2032"]
[PlyCount "69"]
[EventDate "2014.07.19"]
[EventType "swiss"]
[EventRounds "9"]
[EventCountry "AND"]
[Source "lmi"]
[SourceDate "2014.07.19"]

1. e4 c5 2. Nf3 d6 3. d4 cxd4 4. Nxd4 Nf6 5. Nc3 a6 6. Bg5 Nbd7 7. f4 Qc7 8.
Qf3 h6 9. Bh4 g5 10. fxg5 hxg5 11. Bxg5 Qc5 12. Be3 Ne5 13. Qe2 Neg4 14. Bg1
Bh6 15. a3 Qh5 16. g3 Qa5 17. Bg2 Bd7 18. h3 Ne5 19. Nf5 Bb5 20. Qf2 Nc4 21. b4
Qc7 22. Nxh6 Rxh6 23. g4 Rg6 24. a4 Ne5 25. Qd2 Bc4 26. Nd5 Nxd5 27. exd5 Rf6
28. Ra3 Rc8 29. Bd4 b5 30. a5 Qd7 31. Kd1 Rg6 32. Re1 Nxg4 33. hxg4 Qxg4+ 34.
Bf3 Qf5 35. Rae3 1-0

[Event "32. Open Andorra Hotel St.Gothard "]
[Site "Erts-La Massana AND"]
[Date "2014.07.19"]
[Round "1.4"]
[White "Ofstad, Sigurd"]
[Black "Arizmendi Martinez, Julen Luis"]
[Result "0-1"]
[WhiteElo "2030"]
[BlackElo "2553"]
[PlyCount "86"]
[EventDate "2014.07.19"]
[EventType "swiss"]
[EventRounds "9"]
[EventCountry "AND"]
[Source "lmi"]
[SourceDate "2014.07.19"]

1. f4 d5 2. Nf3 g6 3. g3 Bg7 4. Bg2 Nh6 5. d3 d4 6. Nbd2 Nf5 7. Ne4 h5 8. c4
Nd7 9. Nfg5 Nf6 10. Nxf6+ exf6 11. Ne4 O-O 12. O-O Re8 13. Bd2 Rb8 14. b4 Nh6
15. h3 b6 16. a4 Bb7 17. a5 Nf5 18. Qe1 Nd6 19. Nxd6 Qxd6 20. Bxb7 Rxb7 21. Qf2
f5 22. Qf3 Rbb8 23. axb6 axb6 24. Ra7 Bf8 25. Kf2 Qd8 26. Rfa1 Bd6 27. Qd5 Qe7
28. Qf3 h4 29. g4 fxg4 30. hxg4 Bxb4 31. Bxb4 Qxb4 32. Rxc7 Qd2 33. Raa7 Re3
34. Rxf7 Rxf3+ 35. Kxf3 Qe3+ 36. Kg2 Qxe2+ 37. Kh1 Qf3+ 38. Kh2 Qg3+ 39. Kh1
Qh3+ 40. Kg1 Qxg4+ 41. Kh2 Qg3+ 42. Kh1 Qf3+ 43. Kh2 Qh5 0-1

[Event "32. Open Andorra Hotel St.Gothard "]
[Site "Erts-La Massana AND"]
[Date "2014.07.19"]
[Round "1.5"]
[White "Kogan, Artur"]
[Black "Olsen, Miriam F"]
[Result "1-0"]
[WhiteElo "2548"]
[BlackElo "2024"]
[PlyCount "55"]
[EventDate "2014.07.19"]
[EventType "swiss"]
[EventRounds "9"]
[EventCountry "AND"]
[Source "lmi"]
[SourceDate "2014.07.19"]

1. d4 Nf6 2. Nf3 e6 3. Bg5 Be7 4. Nbd2 d5 5. e3 c5 6. Bd3 Nc6 7. c3 cxd4 8.
exd4 Qc7 9. Qe2 Bd7 10. Ne5 h6 11. Bh4 O-O 12. O-O a6 13. Rae1 b5 14. a3 Rae8
15. f4 Bc8 16. Bb1 Nh7 17. Bxe7 Nxe7 18. Nb3 f5 19. g4 fxg4 20. Qxg4 Rf6 21.
Nc5 Nf5 22. Rf2 Nf8 23. Rg2 Re7 24. Qh5 Kh7 25. Kh1 a5 26. Reg1 Kh8 27. Ng4 Rg6
28. Nd3 1-0

[Event "32. Open Andorra Hotel St.Gothard "]
[Site "Erts-La Massana AND"]
[Date "2014.07.19"]
[Round "1.6"]
[White "Gutierrez Anso, Jose"]
[Black "Glud, Jakob Vang"]
[Result "0-1"]
[WhiteElo "2017"]
[BlackElo "2538"]
[PlyCount "64"]
[EventDate "2014.07.19"]
[EventType "swiss"]
[EventRounds "9"]
[EventCountry "AND"]
[Source "lmi"]
[SourceDate "2014.07.19"]

1. e4 e5 2. Nf3 Nc6 3. Nc3 Nf6 4. d4 Bb4 5. d5 Nb8 6. Bd3 d6 7. h3 Nbd7 8. O-O
Nc5 9. Re1 Bxc3 10. bxc3 h6 11. Ba3 Ncd7 12. Bb5 O-O 13. c4 a6 14. Bxd7 Nxd7
15. Rb1 b6 16. Rb3 f5 17. exf5 Rxf5 18. Nh2 Qh4 19. Qe2 Nf8 20. Rg3 Bd7 21. Bc1
Kh8 22. Qe4 Qxe4 23. Rxe4 Nh7 24. Ng4 Raf8 25. Re2 R5f7 26. Ra3 Bc8 27. g3 h5
28. Nh2 a5 29. Kg2 Ba6 30. Ra4 Nf6 31. f4 Nxd5 32. Rd2 Ne3+ 0-1

[Event "32. Open Andorra Hotel St.Gothard "]
[Site "Erts-La Massana AND"]
[Date "2014.07.19"]
[Round "1.7"]
[White "Gretarsson, Hjorvar Steinn"]
[Black "Vallbona Domingo, Joan"]
[Result "1-0"]
[WhiteElo "2535"]
[BlackElo "2014"]
[PlyCount "49"]
[EventDate "2014.07.19"]
[EventType "swiss"]
[EventRounds "9"]
[EventCountry "AND"]
[Source "lmi"]
[SourceDate "2014.07.19"]

1. c4 Nf6 2. Nc3 c5 3. g3 Nc6 4. Bg2 g6 5. Nf3 Bg7 6. O-O O-O 7. d4 cxd4 8.
Nxd4 a6 9. Nc2 d6 10. b3 Be6 11. Bb2 Rc8 12. Qd2 Qa5 13. Rad1 Qh5 14. e4 Bh3
15. Bxh3 Qxh3 16. f3 h5 17. Ne3 Bh6 18. Qe2 Rfd8 19. f4 Bg7 20. f5 h4 21. g4
Ne5 22. Ned5 Nxd5 23. Nxd5 Bf8 24. Bxe5 dxe5 25. Rd3 1-0

[Event "32. Open Andorra Hotel St.Gothard "]
[Site "Erts-La Massana AND"]
[Date "2014.07.19"]
[Round "1.8"]
[White "Grigoryan, Meri"]
[Black "Gozzoli, Yannick"]
[Result "0-1"]
[WhiteElo "2007"]
[BlackElo "2529"]
[PlyCount "40"]
[EventDate "2014.07.19"]
[EventType "swiss"]
[EventRounds "9"]
[EventCountry "AND"]
[Source "lmi"]
[SourceDate "2014.07.19"]

1. d4 Nf6 2. Bg5 b6 3. Bxf6 exf6 4. e4 Bb7 5. f3 g6 6. c4 Bh6 7. Nh3 O-O 8. Be2
f5 9. Nc3 fxe4 10. fxe4 Nc6 11. Nd5 Bg7 12. e5 d6 13. O-O dxe5 14. dxe5 Nxe5
15. Nhf4 Qd6 16. Qb3 Nc6 17. Rad1 Nd4 18. Rxd4 Bxd4+ 19. Kh1 Rae8 20. Bd1 c6
0-1

[Event "32. Open Andorra Hotel St.Gothard "]
[Site "Erts-La Massana AND"]
[Date "2014.07.19"]
[Round "1.9"]
[White "Narciso Dublan, Marc"]
[Black "Basas Gamazo, Josep"]
[Result "1-0"]
[WhiteElo "2523"]
[BlackElo "2001"]
[PlyCount "67"]
[EventDate "2014.07.19"]
[EventType "swiss"]
[EventRounds "9"]
[EventCountry "AND"]
[Source "lmi"]
[SourceDate "2014.07.19"]

1. d4 Nf6 2. c4 g6 3. Nc3 Bg7 4. e4 d6 5. Be2 O-O 6. Nf3 e5 7. d5 Nbd7 8. Be3
Ng4 9. Bd2 f5 10. Ng5 Nc5 11. b4 Na6 12. exf5 gxf5 13. O-O Qe7 14. Rb1 h6 15.
Nh3 Qh4 16. f3 Nf6 17. Nf2 Nh5 18. Qe1 e4 19. fxe4 Bd4 20. Nb5 Bb6 21. Bxh5
Qxh5 22. e5 dxe5 23. c5 Bd7 24. Na3 Nxc5 25. bxc5 Bxc5 26. Bb4 Bd4 27. Bxf8
Rxf8 28. Nc2 Bc5 29. Qc3 b6 30. Kh1 Kh7 31. Nd3 Bd6 32. Nxe5 Rg8 33. Qf3 Qe8
34. Nxd7 1-0

[Event "32. Open Andorra Hotel St.Gothard "]
[Site "Erts-La Massana AND"]
[Date "2014.07.19"]
[Round "1.10"]
[White "Uriarte Prieto, Goyo"]
[Black "Comas Fabrego, Lluis"]
[Result "0-1"]
[WhiteElo "2000"]
[BlackElo "2512"]
[PlyCount "55"]
[EventDate "2014.07.19"]
[EventType "swiss"]
[EventRounds "9"]
[EventCountry "AND"]
[Source "lmi"]
[SourceDate "2014.07.19"]

1. e4 d6 2. d4 g6 3. Nc3 Bg7 4. Be3 c6 5. a4 Nf6 6. h3 O-O 7. Nf3 Nbd7 8. Be2
e5 9. dxe5 dxe5 10. Nd2 Qe7 11. Nc4 Ne8 12. Qd2 Nc5 13. Nd6 Ne6 14. Nxc8 Rxc8
15. Bxa7 Rd8 16. Qc1 Nd4 17. O-O Ra8 18. Bb6 Qb4 19. Bxd4 exd4 20. Na2 Qe7 21.
Bd3 Rxa4 22. Qd2 Nd6 23. b3 Ra3 24. Nb4 Nxe4 25. Qe1 Rxa1 26. Qxa1 Nd2 27. Nxc6
bxc6 28. Qd1 0-1

[Event "32. Open Andorra Hotel St.Gothard "]
[Site "Erts-La Massana AND"]
[Date "2014.07.19"]
[Round "1.11"]
[White "Almeida Quintana, Omar"]
[Black "Markovitz, Neil"]
[Result "1-0"]
[WhiteElo "2492"]
[BlackElo "1994"]
[PlyCount "73"]
[EventDate "2014.07.19"]
[EventType "swiss"]
[EventRounds "9"]
[EventCountry "AND"]
[Source "lmi"]
[SourceDate "2014.07.19"]

1. d4 Nf6 2. c4 Nc6 3. Nf3 e6 4. a3 d6 5. Nc3 g6 6. g3 Bg7 7. Bg2 O-O 8. O-O
Qe7 9. e4 e5 10. d5 Nb8 11. Ne1 a5 12. Nd3 Nbd7 13. Be3 Ne8 14. b4 axb4 15.
axb4 Rxa1 16. Qxa1 f5 17. f3 f4 18. Bf2 fxg3 19. hxg3 Bh6 20. Nb5 Ndf6 21. Qa8
Bd7 22. Qxb7 Nh5 23. c5 Bxb5 24. Qxb5 Qg5 25. g4 Nhf6 26. Qc4 Qd2 27. Qc1 Qxf2+
28. Nxf2 Bxc1 29. Rxc1 g5 30. Nd1 h5 31. Ne3 hxg4 32. fxg4 Ng7 33. cxd6 cxd6
34. Rc6 Nfe8 35. b5 Rf7 36. b6 Rd7 37. Bf1 1-0

[Event "32. Open Andorra Hotel St.Gothard "]
[Site "Erts-La Massana AND"]
[Date "2014.07.19"]
[Round "1.13"]
[White "Riff, Jean-Noel"]
[Black "Picatoste Vedejo, Sergio"]
[Result "1-0"]
[WhiteElo "2482"]
[BlackElo "1989"]
[PlyCount "71"]
[EventDate "2014.07.19"]
[EventType "swiss"]
[EventRounds "9"]
[EventCountry "AND"]
[Source "lmi"]
[SourceDate "2014.07.19"]

1. e4 g6 2. d4 Bg7 3. Nc3 d6 4. Be3 c6 5. Qd2 b5 6. Bd3 Nd7 7. Nf3 Nb6 8. h3
Qc7 9. O-O a5 10. Rae1 b4 11. Ne2 e5 12. c4 c5 13. d5 h6 14. Nh2 g5 15. Ng3 Ne7
16. Nh5 Kf8 17. Be2 Ng6 18. b3 Rg8 19. Bg4 Nf4 20. Bxf4 gxf4 21. g3 fxg3 22.
fxg3 Qd8 23. Rf2 Qg5 24. Qxg5 hxg5 25. Ref1 Ra7 26. Be6 Bxe6 27. dxe6 f6 28.
Nxf6 Bxf6 29. Rxf6+ Ke8 30. Ng4 Nc8 31. Rf7 Kd8 32. Nf6 Rh8 33. Nd5 Re8 34.
Rxa7 Nxa7 35. Rf7 Nc6 36. Rd7+ 1-0

[Event "32. Open Andorra Hotel St.Gothard "]
[Site "Erts-La Massana AND"]
[Date "2014.07.19"]
[Round "1.14"]
[White "Auvray, Honorine"]
[Black "Mikkelsen, Nikolaj"]
[Result "0-1"]
[WhiteElo "1987"]
[BlackElo "2443"]
[PlyCount "94"]
[EventDate "2014.07.19"]
[EventType "swiss"]
[EventRounds "9"]
[EventCountry "AND"]
[Source "lmi"]
[SourceDate "2014.07.19"]

1. e4 c5 2. Nf3 d6 3. d4 cxd4 4. Nxd4 Nf6 5. Nc3 Nc6 6. f3 e6 7. Be3 Be7 8. Qd2
O-O 9. g4 Nd7 10. O-O-O a6 11. f4 Nxd4 12. Qxd4 b5 13. Kb1 Bb7 14. Rg1 Qa5 15.
e5 b4 16. Ne2 Bd5 17. Nc1 dxe5 18. fxe5 Nxe5 19. Be2 Ng6 20. g5 Rac8 21. Qd3
Qc7 22. Rd2 a5 23. Bd4 e5 24. Be3 Rfd8 25. Qf5 Be6 26. Rxd8+ Rxd8 27. Qf2 Rc8
28. Bd3 Qc6 29. Nb3 a4 30. Nd2 Bd5 31. Qf5 a3 32. h4 axb2 33. h5 Qc3 34. Nb3
Be6 35. Qe4 Nf8 36. Bd2 Qc7 37. g6 f5 38. gxh7+ Kh8 39. Qg2 Bf6 40. Bxb4 Bxb3
41. axb3 Qa7 42. c3 e4 43. Bc4 Rd8 44. Rf1 Qa1+ 45. Kc2 Qa2 46. Rb1 Rd1 47.
Rxb2 Qa1 0-1

[Event "32. Open Andorra Hotel St.Gothard "]
[Site "Erts-La Massana AND"]
[Date "2014.07.19"]
[Round "1.15"]
[White "Zumsande, Martin"]
[Black "Pettersen, Joar Gullestad"]
[Result "1-0"]
[WhiteElo "2430"]
[BlackElo "1982"]
[PlyCount "55"]
[EventDate "2014.07.19"]
[EventType "swiss"]
[EventRounds "9"]
[EventCountry "AND"]
[Source "lmi"]
[SourceDate "2014.07.19"]

1. e4 e5 2. Nf3 Nc6 3. d4 exd4 4. Nxd4 Nf6 5. Nxc6 bxc6 6. e5 Qe7 7. Qe2 Nd5 8.
c4 Nb6 9. b3 Qe6 10. Bb2 a5 11. Qc2 a4 12. Bd3 Bb4+ 13. Nd2 Bb7 14. O-O a3 15.
Bc3 c5 16. Ne4 Qe7 17. Rae1 O-O-O 18. Bxb4 cxb4 19. c5 Nd5 20. Nd6+ Kb8 21.
Nxb7 Kxb7 22. Qc4 c6 23. Be4 Qxe5 24. Bxd5 Qxd5 25. Qxb4+ Kc7 26. Rd1 Qf5 27.
Qb6+ Kc8 28. Rd4 1-0

[Event "32. Open Andorra Hotel St.Gothard "]
[Site "Erts-La Massana AND"]
[Date "2014.07.19"]
[Round "1.16"]
[White "Caron, Damien"]
[Black "Kantsler, Boris"]
[Result "0-1"]
[WhiteElo "1971"]
[BlackElo "2429"]
[PlyCount "56"]
[EventDate "2014.07.19"]
[EventType "swiss"]
[EventRounds "9"]
[EventCountry "AND"]
[Source "lmi"]
[SourceDate "2014.07.19"]

1. d4 d6 2. Nf3 g6 3. c4 Bg7 4. Nc3 Nf6 5. e4 O-O 6. Be2 Nbd7 7. O-O e5 8. Rb1
Re8 9. d5 Nc5 10. Qc2 Ncxe4 11. Nxe4 Nxe4 12. b4 Nf6 13. Rb3 a5 14. a3 Bf5 15.
Qd1 axb4 16. Rxb4 b6 17. Nh4 Bd7 18. g3 Ne4 19. Qc2 f5 20. Ng2 Nc5 21. f4 exf4
22. Nxf4 Qf6 23. Bb2 Qe7 24. Bc1 Qe4 25. Qxe4 Nxe4 26. Bf3 Bd4+ 27. Kg2 Be5 28.
Rb3 Ra4 0-1

[Event "32. Open Andorra Hotel St.Gothard "]
[Site "Erts-La Massana AND"]
[Date "2014.07.19"]
[Round "1.17"]
[White "Sjodahl, Pontus"]
[Black "Canonge, Lionel"]
[Result "1-0"]
[WhiteElo "2423"]
[BlackElo "1969"]
[PlyCount "63"]
[EventDate "2014.07.19"]
[EventType "swiss"]
[EventRounds "9"]
[EventCountry "AND"]
[Source "lmi"]
[SourceDate "2014.07.19"]

1. d4 f5 2. g3 Nf6 3. Bg2 e6 4. Nf3 d5 5. O-O Be7 6. b3 c5 7. dxc5 Nc6 8. Bb2
Bxc5 9. c4 O-O 10. cxd5 Nxd5 11. Qc1 Be7 12. Rd1 Bd7 13. Nc3 Ncb4 14. Ne5 Rc8
15. Qd2 Bc6 16. Nxc6 bxc6 17. e4 fxe4 18. Nxe4 Qb6 19. Qe2 Rce8 20. a3 Na6 21.
b4 Nac7 22. Bd4 Qb5 23. Qc2 a5 24. Bf1 Qb7 25. bxa5 Nb5 26. Qb2 Rf7 27. a6 Qc7
28. Be5 Qa7 29. a4 Nbc7 30. Qb7 Bc5 31. Rd2 Qxa6 32. Qxa6 1-0

[Event "32. Open Andorra Hotel St.Gothard "]
[Site "Erts-La Massana AND"]
[Date "2014.07.19"]
[Round "1.18"]
[White "Gonzalvez Perales, Jose Luis"]
[Black "Rios, Cristhian Camilo"]
[Result "0-1"]
[WhiteElo "1969"]
[BlackElo "2421"]
[PlyCount "66"]
[EventDate "2014.07.19"]
[EventType "swiss"]
[EventRounds "9"]
[EventCountry "AND"]
[Source "lmi"]
[SourceDate "2014.07.19"]

1. e4 c5 2. c3 g6 3. d4 cxd4 4. cxd4 d5 5. exd5 Nf6 6. Nf3 Bg7 7. Be2 Nxd5 8.
Bd2 Nc6 9. Nc3 O-O 10. Qa4 Nb6 11. Qa3 Bg4 12. Be3 Bxf3 13. Bxf3 Nxd4 14. Bxd4
Nc4 15. Qb4 Qxd4 16. O-O Nd2 17. Qxb7 Nxf1 18. Rxf1 Rab8 19. Qxe7 Rxb2 20. Ne2
Qe5 21. Qxa7 Rxe2 22. Bxe2 Qxe2 23. a4 Rd8 24. g3 Bd4 25. Qb7 Qa2 26. Qc6 Rd5
27. Qe8+ Kg7 28. Qe4 Rd6 29. Qf4 Rd7 30. h4 h5 31. g4 hxg4 32. h5 Qxa4 33. Qxg4
Bxf2+ 0-1

[Event "32. Open Andorra Hotel St.Gothard "]
[Site "Erts-La Massana AND"]
[Date "2014.07.19"]
[Round "1.20"]
[White "Benedito Salavert, Jaime"]
[Black "Barbot, Pierre"]
[Result "0-1"]
[WhiteElo "1947"]
[BlackElo "2411"]
[PlyCount "36"]
[EventDate "2014.07.19"]
[EventType "swiss"]
[EventRounds "9"]
[EventCountry "AND"]
[Source "lmi"]
[SourceDate "2014.07.19"]

1. d4 Nf6 2. Nf3 g6 3. Bf4 Bg7 4. Nbd2 O-O 5. e4 d5 6. e5 Ne4 7. Bd3 Bf5 8. g4
Bxg4 9. Nxe4 dxe4 10. Bxe4 Nc6 11. c3 f5 12. Qb3+ Kh8 13. Bxc6 bxc6 14. Ng5 Rb8
15. Nf7+ Rxf7 16. Qxf7 Bf3 17. O-O e6 18. Be3 Qh4 0-1

[Event "32. Open Andorra Hotel St.Gothard "]
[Site "Erts-La Massana AND"]
[Date "2014.07.20"]
[Round "2.1"]
[White "Franco Valencia, Angela"]
[Black "Granda Zuniga, Julio E"]
[Result "0-1"]
[WhiteElo "2208"]
[BlackElo "2674"]
[PlyCount "60"]
[EventDate "2014.07.19"]
[EventType "swiss"]
[EventRounds "9"]
[EventCountry "AND"]
[Source "lmi"]
[SourceDate "2014.07.19"]

1. e4 c5 2. Nf3 e6 3. d4 cxd4 4. Nxd4 a6 5. g3 d5 6. e5 Nc6 7. Nxc6 bxc6 8. Bg2
a5 9. O-O Ba6 10. Re1 Bc5 11. Be3 Bxe3 12. Rxe3 Ne7 13. Nd2 Qb6 14. Rb1 O-O 15.
Qh5 Rab8 16. g4 Ng6 17. g5 Rfd8 18. Rh3 Nf8 19. Bf1 Bxf1 20. Nxf1 Qd4 21. Re1
Rxb2 22. Rd3 Qb4 23. c3 Qc5 24. Rf3 Rd7 25. Rd1 Rc2 26. Rdd3 Rb7 27. Ne3 Rxc3
28. Rxc3 Qxc3 29. Ng4 Qc1+ 30. Kg2 Ng6 0-1

[Event "32. Open Andorra Hotel St.Gothard "]
[Site "Erts-La Massana AND"]
[Date "2014.07.20"]
[Round "2.2"]
[White "Hagen, Anders Gjerdrum"]
[Black "Vovk, Andrey"]
[Result "0-1"]
[WhiteElo "2203"]
[BlackElo "2616"]
[PlyCount "74"]
[EventDate "2014.07.19"]
[EventType "swiss"]
[EventRounds "9"]
[EventCountry "AND"]
[Source "lmi"]
[SourceDate "2014.07.19"]

1. d4 Nf6 2. c4 g6 3. Nc3 Bg7 4. e4 d6 5. Be2 O-O 6. Nf3 e5 7. d5 a5 8. Bg5 h6
9. Bh4 g5 10. Bg3 Nh5 11. Nd2 Nf4 12. O-O f5 13. exf5 Bxf5 14. Nde4 Nd7 15. Bg4
Bg6 16. Re1 b6 17. a3 Nc5 18. Nxc5 bxc5 19. Ne4 Rb8 20. Rb1 h5 21. Bxf4 Rxf4
22. Be6+ Kh8 23. Qc2 g4 24. Re2 Bh6 25. Rbe1 Qe7 26. g3 Rf3 27. h3 gxh3 28.
Bxh3 h4 29. Bg2 Rfb3 30. g4 h3 31. Bh1 Qh4 32. Kf1 h2 33. f3 Rxf3+ 34. Bxf3
h1=Q+ 35. Bxh1 Qxh1+ 36. Kf2 Rf8+ 37. Kg3 Rf3# 0-1

[Event "32. Open Andorra Hotel St.Gothard "]
[Site "Erts-La Massana AND"]
[Date "2014.07.20"]
[Round "2.3"]
[White "Arizmendi Martinez, Julen Luis"]
[Black "Silva Rodriguez, Fernando"]
[Result "1-0"]
[WhiteElo "2553"]
[BlackElo "2202"]
[PlyCount "87"]
[EventDate "2014.07.19"]
[EventType "swiss"]
[EventRounds "9"]
[EventCountry "AND"]
[Source "lmi"]
[SourceDate "2014.07.19"]

1. d4 Nf6 2. c4 e6 3. Nc3 Bb4 4. e3 O-O 5. Nge2 d5 6. a3 Bd6 7. Ng3 c6 8. Bd3
e5 9. dxe5 Bxe5 10. cxd5 cxd5 11. Nce2 Nc6 12. O-O Re8 13. h3 g6 14. Rb1 a5 15.
Bd2 Qb6 16. Bc3 Bd7 17. Bxe5 Nxe5 18. Nd4 Rac8 19. Nge2 Nc4 20. Nf4 Red8 21.
Qe2 Be8 22. Rfd1 Qa7 23. Nxd5 Rxd5 24. Bxc4 Rdc5 25. Bb3 a4 26. Ba2 b6 27. Re1
Ne4 28. Rbd1 Qe7 29. Bb1 Nd6 30. Bd3 Qf6 31. Qd2 Nb7 32. Ba6 Bc6 33. e4 Rc7 34.
e5 Qe7 35. e6 fxe6 36. Rxe6 Qf7 37. Qe3 Bd5 38. Re8+ Kg7 39. Re5 Ba2 40. Bxb7
Rxb7 41. Ne6+ Bxe6 42. Rxe6 Qc7 43. Qd4+ Kh6 44. Qxa4 1-0

[Event "32. Open Andorra Hotel St.Gothard "]
[Site "Erts-La Massana AND"]
[Date "2014.07.20"]
[Round "2.4"]
[White "Garcia Paolicchi, Raul"]
[Black "Kogan, Artur"]
[Result "0-1"]
[WhiteElo "2197"]
[BlackElo "2548"]
[PlyCount "74"]
[EventDate "2014.07.19"]
[EventType "swiss"]
[EventRounds "9"]
[EventCountry "AND"]
[Source "lmi"]
[SourceDate "2014.07.19"]

1. d4 d5 2. c4 dxc4 3. Nf3 a6 4. a4 Nc6 5. e3 e5 6. Bxc4 Bb4+ 7. Nc3 exd4 8.
Nxd4 Ne5 9. Be2 c5 10. Nf3 Qxd1+ 11. Kxd1 Ng4 12. Ke1 Ne7 13. Bd2 O-O 14. Ne4
Rd8 15. Bxb4 cxb4 16. h3 Nh6 17. g4 Be6 18. Ned2 f5 19. Nd4 Bd5 20. Rg1 fxg4
21. hxg4 Rac8 22. Bf3 Nf7 23. Bxd5 Nxd5 24. N2f3 Nd6 25. Kf1 Nc4 26. Rb1 Nf6
27. Ke2 Nb6 28. Ra1 Re8 29. Nd2 Nfd5 30. Kf3 Nd7 31. Rac1 Nc5 32. b3 Rf8+ 33.
Kg3 Nc3 34. Rc2 N3e4+ 35. Nxe4 Nxe4+ 36. Kh4 Rxc2 37. Nxc2 Rxf2 0-1

[Event "32. Open Andorra Hotel St.Gothard "]
[Site "Erts-La Massana AND"]
[Date "2014.07.20"]
[Round "2.5"]
[White "Glud, Jakob Vang"]
[Black "Rivera, Ingris"]
[Result "1/2-1/2"]
[WhiteElo "2538"]
[BlackElo "2190"]
[PlyCount "137"]
[EventDate "2014.07.19"]
[EventType "swiss"]
[EventRounds "9"]
[EventCountry "AND"]
[Source "lmi"]
[SourceDate "2014.07.19"]

1. e4 c5 2. Nf3 d6 3. Bb5+ Bd7 4. Bxd7+ Qxd7 5. c4 Nc6 6. Nc3 Nf6 7. d4 cxd4 8.
Nxd4 e6 9. O-O Be7 10. Be3 O-O 11. Qe2 Rac8 12. Rad1 Rfd8 13. Kh1 Qe8 14. f4
Bf8 15. Nf3 h6 16. Bf2 Rd7 17. Bh4 Nh7 18. Qf2 Ne7 19. b3 Ng6 20. Bg3 Be7 21.
f5 Ngf8 22. fxe6 fxe6 23. Qe1 a6 24. e5 d5 25. Nxd5 exd5 26. cxd5 Rc5 27. Qe4
Bd8 28. b4 Nf6 29. Qb1 Rcxd5 30. exf6 Rxd1 31. Rxd1 Rxd1+ 32. Qxd1 Bxf6 33. Ne1
Qe6 34. Qc2 h5 35. h3 Be7 36. Nd3 h4 37. Bf2 Qd5 38. Nc5 Ne6 39. Qg6 Qd1+ 40.
Bg1 Nxc5 41. Qe8+ Bf8 42. bxc5 Qd5 43. a4 Qc6 44. Qd8 Qe4 45. Bf2 Kf7 46. a5
Be7 47. Qd7 g6 48. Qc7 Qc6 49. Qf4+ Qf6 50. Qc4+ Qe6 51. Qd4 Bf6 52. Qd3 Qc6
53. Qb3+ Kg7 54. Qc4 g5 55. Qd3 Qa4 56. Qd5 Qc6 57. Qf5 Qe8 58. Kg1 Qc6 59. Be3
Qe8 60. Kf2 Qg6 61. Qd7+ Qf7 62. Qxf7+ Kxf7 63. Kf3 Bd8 64. Bd2 Kf6 65. Ke4 Ke6
66. Kd4 Be7 67. Be1 Bd8 68. Bb4 Bc7 69. Be1 1/2-1/2

[Event "32. Open Andorra Hotel St.Gothard "]
[Site "Erts-La Massana AND"]
[Date "2014.07.20"]
[Round "2.6"]
[White "Chalmeta Ugas, Jordi"]
[Black "Gretarsson, Hjorvar Steinn"]
[Result "0-1"]
[WhiteElo "2187"]
[BlackElo "2535"]
[PlyCount "56"]
[EventDate "2014.07.19"]
[EventType "swiss"]
[EventRounds "9"]
[EventCountry "AND"]
[Source "lmi"]
[SourceDate "2014.07.19"]

1. d4 b6 2. c4 e6 3. Nc3 Bb7 4. Nf3 Bb4 5. Qc2 f5 6. a3 Bxc3+ 7. Qxc3 Nf6 8. g3
O-O 9. Bg2 d6 10. O-O Qe7 11. b4 Nbd7 12. Bb2 Be4 13. Rac1 a5 14. Nd2 Bxg2 15.
Kxg2 axb4 16. axb4 b5 17. c5 Nd5 18. Qb3 Ra4 19. Bc3 N7f6 20. Ra1 Nxc3 21. Qxc3
Nd5 22. Qd3 Rxb4 23. Nb3 Qf7 24. Ra5 e5 25. Rb1 e4 26. Qc2 f4 27. Nd2 fxg3 28.
Nxe4 gxf2 0-1

[Event "32. Open Andorra Hotel St.Gothard "]
[Site "Erts-La Massana AND"]
[Date "2014.07.20"]
[Round "2.7"]
[White "Gozzoli, Yannick"]
[Black "Meijer, Johannes"]
[Result "1-0"]
[WhiteElo "2529"]
[BlackElo "2185"]
[PlyCount "109"]
[EventDate "2014.07.19"]
[EventType "swiss"]
[EventRounds "9"]
[EventCountry "AND"]
[Source "lmi"]
[SourceDate "2014.07.19"]

1. Nf3 Nf6 2. c4 e6 3. g3 d5 4. Bg2 c6 5. d4 Be7 6. O-O O-O 7. Qc2 b6 8. Nbd2
Bb7 9. e4 Nxe4 10. Nxe4 dxe4 11. Qxe4 Nd7 12. Rd1 Nf6 13. Qc2 Qc8 14. c5 Nd5
15. Ng5 Bxg5 16. Bxg5 Qd7 17. Qe4 f6 18. Bd2 bxc5 19. dxc5 e5 20. Ba5 Rae8 21.
b4 a6 22. a4 f5 23. Qc4 e4 24. Rac1 Qe6 25. Re1 Rf7 26. Rcd1 Nf6 27. Qxe6 Rxe6
28. Bf1 Nd5 29. Bc4 Rd7 30. Rd4 Kf8 31. Red1 Re5 32. b5 axb5 33. axb5 Ke7 34.
R4d2 Ke8 35. Bxd5 Rexd5 36. Rxd5 Rxd5 37. Rxd5 cxd5 38. Bc3 d4 39. Bxd4 g6 40.
c6 Ba8 41. Kg2 Kf7 42. Kh3 g5 43. Be3 Kg6 44. Kg2 Kf6 45. Kf1 Ke5 46. Bxg5 Kd4
47. Kg2 Kc5 48. Kh3 Kxb5 49. c7 Bb7 50. Kh4 Kc6 51. Bf4 Kd7 52. Kg5 Ke6 53. Kh6
Bc8 54. Kxh7 Kf7 55. Kh6 1-0